An empty promise (Record no. 80722)
[ view plain ]
| 000 -LEADER | |
|---|---|
| fixed length control field | 01156cab a22002535a 4500 |
| 001 - CONTROL NUMBER | |
| control field | L145145 |
| 008 - FIXED-LENGTH DATA ELEMENTS--GENERAL INFORMATION | |
| fixed length control field | 080911s2008 xxkao f v 000 0 eng d |
| 035 ## - SYSTEM CONTROL NUMBER | |
| System control number | (Sirsi) u145145 |
| 041 0# - LANGUAGE CODE | |
| Language code of text/sound track or separate title | eng |
| 100 1# - MAIN ENTRY--PERSONAL NAME | |
| Personal name | Russell, Paul |
| 245 03 - TITLE STATEMENT | |
| Title | An empty promise |
| 260 ## - PUBLICATION, DISTRIBUTION, ETC. | |
| Date of publication, distribution, etc. | 2008 |
| 490 #0 - SERIES STATEMENT | |
| Series statement | Insight |
| Volume/sequential designation | September 2008, 30-31(2) |
| 520 ## - SUMMARY, ETC. | |
| Summary, etc. | Describes how ratepayers are increasingly seeking to reduce the burden of empty property rates by seeking an exemption to the relevant regulation (SI 2008: 386, see L142770), often through the courts. Comments on the relevant case law, explaining how the courts have affected the decision making process. |
| 590 ## - LOCAL NOTE (RLIN) | |
| Local note | KA |
| 650 24 - SUBJECT ADDED ENTRY--TOPICAL TERM | |
| Topical term or geographic name entry element | RATING (EMPTY PROPERTIES) ACT 2007 |
| 650 24 - SUBJECT ADDED ENTRY--TOPICAL TERM | |
| Topical term or geographic name entry element | WESTMINSTER CITY COUNCIL V REGENT LION PROPERTIES |
| 650 24 - SUBJECT ADDED ENTRY--TOPICAL TERM | |
| Topical term or geographic name entry element | HENDERSON V LIVERPOOL METROPOLITAN DISTRICT COUNCIL |
| 650 24 - SUBJECT ADDED ENTRY--TOPICAL TERM | |
| Topical term or geographic name entry element | HAILBURY INVESTMENTS LTD V WESTMINSTER CITY COUNCIL |
| 650 24 - SUBJECT ADDED ENTRY--TOPICAL TERM | |
| Topical term or geographic name entry element | TOWER HAMLETS (LBC) V ST KATHERINE BY THE TOWER LTD EASIWORK HOMES LTD V REDBRIDGE LONDON (BC) |
| 651 #4 - SUBJECT ADDED ENTRY--GEOGRAPHIC NAME | |
| Geographic name | England |
| Chronological subdivision | 886- |
| 690 ## - LOCAL SUBJECT ADDED ENTRY--TOPICAL TERM (OCLC, RLIN) | |
| Topical term or geographic name as entry element | PROPERTY-COMMERCIAL PROPERTY-COMMERCIAL PROPERTY TAXATION-BUSINESS RATES |
| 942 ## - ADDED ENTRY ELEMENTS (KOHA) | |
| Suppress in OPAC | 0 |
| Withdrawn status | Lost status | Source of classification or shelving scheme | Damaged status | Not for loan | Home library | Current library | Shelving location | Date acquired | Total Checkouts | Full call number | Barcode | Date last seen | Copy number | Price effective from | Koha item type |
|---|---|---|---|---|---|---|---|---|---|---|---|---|---|---|---|
| Dewey Decimal Classification | London | London | Journal article | 11/09/2008 | L145145 | 145145-1001 | 06/08/2019 | 1 | 06/08/2019 | Journal article |